000 00220nam a22000857a 4500
008 161201b xxu||||| |||| 00| 0 eng d
100 _91688
_aMalhotra,S.S.,etal
245 _aabc of Mathematics
260 _aNew Delhi
_bHoly Faith
999 _c4400
_d4400